000 00306nam a2200121Ia 4500
008 190216s9999||||xx |||||||||||||| ||und||
100 _aAugustine A E & Joseph K V
245 0 _aGarammer:A Hand Book
260 _bMacmillan India Ltd
_c1987
300 _a207p
650 _aEnglish Grammar
942 _cBK
999 _c13441
_d13441